000 00451nam a22001577a 4500
005 20251108164241.0
008 250721s1984 xx 000 0 ara d
082 1 4 _a792.022/فيص
100 1 _aالمقدادي، فيصل
245 1 0 _aالمسرح المدرسي /
264 1 _aدمشق :
_bدار الجليل للطباعه و النشر،
_c1984.
300 _a159ص
650 1 7 _aمسرح الأطفال
942 _2ddc
_cBK
999 _c7453
_d7453